=LDR 00000nam 2200000 4500 =001 INLIS000000000038494 =005 20130612144148 =008 ***********************************Ind** =035 ##$$0010-061300000038494 =041 ##$$a Ind =082 ##$$a 658.827 =090 ##$$a 658.827, Cip s =100 ##$$a Ciptono, Fandy =245 ##$$a Seri menejemen merek 01, manajemen dan strategi merek, Fandy Tjiptono, Ph.D =260 ##$$a 2010 $b Jakarta =300 ##$$a 285 hlm, Tab, 23 cm =650 ##$$a Merek Dagang =850 ##$$a NBPNMAT =990 ##$$a 0001/BPAP-NTB/2016 =990 ##$$a 0001/BPAP-NTB/2016